00528nam a22001577a 4500003000400000005001700004008004100021020001300062040001300075050002500088245016300113260004400276300001500320650001100335651002400346OSt20251007122433.0251007b |||||||| |||| 00| 0 eng d a02818515 aLCcJCSC aTJ 163.25b.E54 1984 aEnergy,environment and development in Africa 1 :bEnergy and development in kenya : opportunies and constraints /cEdited by Phil O' Keefe and Steve Bernow. aSweden :bThe Beijer institute ;c1984. a185 pages. aenergy venvironmentzAfrica